LEADER 01374nam a2200337 u 4500 001 000000031823 003 CaOOAMICUS 005 20070226112201.0 008 971008s1992 it u000 u ita u 020 $a8837214545 035 $a10772003 040 $aPUL(R)$bita 041 1 $aita$hger 100 1 $aSchnider, Franz,$d1937-$0(OLS)http://pul/name/12010 240 10$aJacobusbrief.$pItaliano.$0(OLS)http://pul/title/43796 245 13$aLa lettera di Giacomo /$ctradotta e commentata da Franz Schnider. 260 $aBrescia :$bMorcelliana,$cc1992. 300 $a248 p. ;$c23 cm 490 1 $aIl Nuovo Testamento commentato 500 $aIndici : p. [219]-248. 504 $a"Bibliografia" : p. [213]-218. 630 04$aBiblia.$pN.T.$pIacobi epistola$xCommenti.$0(OLS)http://pul/subject/37540 730 0 $aBiblia.$pN.T.$pIacobi epistola.$lItaliano.$0(OLS)http://pul/title/158628 830 3$aIl Nuovo Testamento commentato.$0(OLS)http://pul/title/43471 850 $aPUL 852 $aPUL$W1$xSL Religione 1$y3$m10 F 39$j43887$nBK-PRI$b $qStampati$B43887$CPULBib$Z2$F43887 $H $81 941 1 $a8 961 $aINV: 68636. 996 $6020$a8837214545$9(OLS)http://pul/number/39967 996 $6245$aLa lettera di Giacomo$9(OLS)http://pul/title/43713 996 $6260$aBrescia :$bMorcelliana$9(OLS)http://pul/publisher/47854 LEADER 01514nam a2200349 a 4500 001 000000125342 003 CaOOAMICUS 005 20110518092438.0 008 110518s2011 it u000 u ita r 020 $z978-88-61-594371* 040 $aPUL$bita 041 1 $aita$heng 082 04$a193 100 1 $aBencivenga, Ermanno,$d1950-$0(OLS)http://pul/name/54108 240 10$aHegel's dialectical logic.$lItaliano.$0(OLS)http://pul/title/158045 245 13$aLa logica dialettica di Hegel / $cErmanno Bencivenga. 260 $aMilano :$bBruno Mondadori ;$aMilano, Torino :$bPearson Italia spa,$cİ2011. 300 $aX, 194 p. ;$c21 cm 490 1 $aSintesi 504 $aBibliografia p. 189-192. 600 14$aHegel, Georg Wilhelm Friedrich,$d1770-1831$xLogica.$0(OLS)http://pul/subject/37196 650 4$aFilosofia occidentale moderna.$0(OLS)http://pul/subject/37648 830 0$aSintesi (Bruno Mondadori).$0(OLS)http://pul/title/64782 850 $aPUL 852 $aPUL$W1$xSL Filosofia 3$y81$m193 HEGGE 5$j144351$qDDC 21$B143380$CPULBib$Z2$F143380 $H116768 $82 941 1 $a9 996 $6020$z978-88-61-594371*$9(OLS)http://pul/number/147191 996 $6082$a193$9(OLS)http://pul/classification/412 996 $6245$aLa logica dialettica di Hegel / $9(OLS)http://pul/title/158046 996 $6260$aMilano :$bBruno Mondadori$9(OLS)http://pul/publisher/60338 996 $6260$aMilano, Torino :$bPearson Italia spa$9(OLS)http://pul/publisher/81573